| 000 | 00864cam a2200265 a 4500 | ||
|---|---|---|---|
| 001 | 000009806 | ||
| 005 | 20200929161719.0 | ||
| 008 | 910319s1990 sp a 000 p spa | ||
| 020 | _a8420520500 | ||
| 040 |
_aDO-SdBNP _cDLC _dDLC |
||
| 082 |
_a861.6 _bC392a |
||
| 100 | 1 |
_aCelaya, Gabriel, _d1911-1991. _924708 |
|
| 245 | 1 | 0 |
_aAntología poética / _cGabriel Celaya ; edición, A. Chicharro Chamorro. |
| 260 |
_aMadrid : _bAlhambra Longman, _cc1990. |
||
| 300 |
_a178 p. : _bil. ; _c19 cm. |
||
| 490 | 1 |
_aAlhambra literatura _v13. |
|
| 504 | _aIncluye índice | ||
| 650 | 4 |
_aPoesía española _9631 |
|
| 650 | 4 |
_aPoesía amorosa _99227 |
|
| 650 | 4 |
_aLiteratura española _9632 |
|
| 650 | 4 |
_aPoesía _xColecciones _99729 |
|
| 700 | 1 |
_aChamorro, Chicharro A. , _eed. _924709 |
|
| 830 | 0 |
_aAlhambra literatura ; _v13. _924710 |
|
| 910 | _aCatalogación por copia / LC | ||
| 999 |
_c9565 _d9565 |
||